Kabale University Library Catalogue

The Perception and application of flashing lights: (Record no. 5945)

MARC details
000 -LEADER
fixed length control field 01055nam a2200229 4500
001 - CONTROL NUMBER
control field 2681466
005 - DATE AND TIME OF LATEST TRANSACTION
control field 20260202155200.0
008 - FIXED-LENGTH DATA ELEMENTS--GENERAL INFORMATION
fixed length control field 740219s1971 enkaf b 101 0 eng
020 ## - INTERNATIONAL STANDARD BOOK NUMBER
International Standard Book Number 0802018564
040 ## - CATALOGING SOURCE
Original cataloging agency KABLIB
Transcribing agency KABLIB
Description conventions rda
082 00 - DEWEY DECIMAL CLASSIFICATION NUMBER
Classification number 625.794
Edition number 23
Item number PER
245 04 - TITLE STATEMENT
Title The Perception and application of flashing lights:
Remainder of title an international symposium held at Imperial College, London, under the joint auspices of the National Illumination Committee of Great Britain and the Applied Optics Section, Imperial College, on 19-22 April 1971.
260 ## - PUBLICATION, DISTRIBUTION, ETC.
Place of publication, distribution, etc. Toronto :
Name of publisher, distributor, etc. University of Toronto Press,
Date of publication, distribution, etc. c1971.
300 ## - PHYSICAL DESCRIPTION
Extent x, 429 p. :
Other physical details ill. ;
Dimensions 22 cm.
504 ## - BIBLIOGRAPHY, ETC. NOTE
Bibliography, etc. note Includes bibliographies, index.
650 #0 - SUBJECT ADDED ENTRY--TOPICAL TERM
Topical term or geographic name entry element Visual perception
General subdivision Congresses.
9 (RLIN) 15000
650 #0 - SUBJECT ADDED ENTRY--TOPICAL TERM
Topical term or geographic name entry element Light
General subdivision Congresses.
9 (RLIN) 15001
650 #0 - SUBJECT ADDED ENTRY--TOPICAL TERM
Topical term or geographic name entry element Signals and signaling
General subdivision Congresses.
9 (RLIN) 15002
710 2# - ADDED ENTRY--CORPORATE NAME
Corporate name or jurisdiction name as entry element National Illumination Committee of Great Britain.
9 (RLIN) 15003
710 1# - ADDED ENTRY--CORPORATE NAME
Corporate name or jurisdiction name as entry element London.
Subordinate unit University.
-- Imperial College of Science and Technology.
-- Applied Optics Section.
9 (RLIN) 15004
942 ## - ADDED ENTRY ELEMENTS (KOHA)
Source of classification or shelving scheme Dewey Decimal Classification
Koha item type Book
Holdings
Withdrawn status Lost status Source of classification or shelving scheme Damaged status Not for loan Home library Current library Shelving location Date acquired Source of acquisition Total Checkouts Full call number Barcode Date last seen Price effective from Koha item type
    Dewey Decimal Classification     Engineering and Technology Library Engineering and Technology Library Open Access Section 02.02.2026 Donation   625.794 PER 14383 02.02.2026 02.02.2026 Book

Kabale University Library | Kabale University P.O Box 317, Kabale, Uganda
Tel : +256754017033, +256774661503 E-mail : library@kab.ac.ug